Blindness and insight : essays in the rhetoric of contemporary criticism = Ceguera y la visión: ensayos en la retórica de la crítica contemporánea /
Spremljeno u:
| Glavni autor: | |
|---|---|
| Format: | Nepoznato |
| Jezik: | English |
| Izdano: |
Minneapolis :
University of Minnesota Press,
1983.
|
| Izdanje: | 2a edición |
| Teme: | |
| Oznake: |
Dodaj oznaku
Bez oznaka, Budi prvi tko označuje ovaj zapis!
|
MARC
| LEADER | 000000000a22000000004500 | ||
|---|---|---|---|
| 001 | 014402 | ||
| 020 | |a 0816611351 | ||
| 041 | 0 | |a eng | |
| 082 | 0 | 4 | |a 801.95 |b M266b |
| 100 | 1 | |a De Man, Paul | |
| 245 | 1 | 0 | |a Blindness and insight : |b essays in the rhetoric of contemporary criticism = Ceguera y la visión: ensayos en la retórica de la crítica contemporánea / |c Paul De Man. |
| 246 | 3 | 1 | |a Ceguera y la visión: ensayos en la retórica de la crítica contemporánea |
| 250 | |a 2a edición | ||
| 260 | 1 | |a Minneapolis : |b University of Minnesota Press, |c 1983. | |
| 300 | |a 308 páginas | ||
| 650 | 4 | |a CRITICISMO | |
| 500 | |a Colección George Yúdice | ||
| 999 | |c 20293 |d 20293 | ||
| 942 | |c BK |h 801.95 M266b |2 z | ||



